आदिबासी जनजाती आन्दोलन र उठेका कुरागरु; (Record no. 107968)
[ view plain ]
| 000 -LEADER | |
|---|---|
| fixed length control field | 00758nam a22001697a 4500 |
| 008 - FIXED-LENGTH DATA ELEMENTS--GENERAL INFORMATION | |
| fixed length control field | 230223b |||||||| |||| 00| 0 eng d |
| 020 ## - INTERNATIONAL STANDARD BOOK NUMBER | |
| International Standard Book Number | 9789937027137 |
| 082 ## - DEWEY DECIMAL CLASSIFICATION NUMBER | |
| Classification number | N305.8/M196a |
| 100 ## - MAIN ENTRY--PERSONAL NAME | |
| Personal name | राना मगर, उजिर |
| 245 ## - TITLE STATEMENT | |
| Title | आदिबासी जनजाती आन्दोलन र उठेका कुरागरु; |
| Remainder of title | लेख संग्रह-२ |
| 260 ## - PUBLICATION, DISTRIBUTION, ETC. | |
| Place of publication, distribution, etc. | नवलपरासीः |
| Name of publisher, distributor, etc. | नेपाल आदिबासी जनजाती महासघ, |
| Date of publication, distribution, etc. | २०७४वि. |
| 300 ## - PHYSICAL DESCRIPTION | |
| Other physical details | च,८२ पृ |
| 504 ## - BIBLIOGRAPHY, ETC. NOTE | |
| Bibliography, etc. note | सन्दर्भग्रन्थसुचीःपृ.८३-८४ |
| 650 ## - SUBJECT ADDED ENTRY--TOPICAL TERM | |
| Topical term or geographic name entry element | आदिवासी जाति |
| 650 ## - SUBJECT ADDED ENTRY--TOPICAL TERM | |
| Topical term or geographic name entry element | आन्दोलन |
| 942 ## - ADDED ENTRY ELEMENTS (KOHA) | |
| Source of classification or shelving scheme | Dewey Decimal Classification |
| Koha item type | Closed Section |
| Withdrawn status | Lost status | Source of classification or shelving scheme | Damaged status | Not for loan | Home library | Current library | Date acquired | Total Checkouts | Full call number | Barcode | Date last seen | Price effective from | Koha item type | Shelving location | Date last checked out |
|---|---|---|---|---|---|---|---|---|---|---|---|---|---|---|---|
| Dewey Decimal Classification | Tribhuvan University Central Library | Tribhuvan University Central Library | 02/23/2023 | N305.8/M196a | 157676 | 02/23/2023 | 02/23/2023 | Closed Section | |||||||
| Dewey Decimal Classification | Tribhuvan University Central Library | Tribhuvan University Central Library | 02/23/2023 | N305.8/M196a | 157677 | 02/23/2023 | 02/23/2023 | General Collections | New Building | ||||||
| Dewey Decimal Classification | Tribhuvan University Central Library | Tribhuvan University Central Library | 02/23/2023 | N305.8/M196a | 157678 | 02/23/2023 | 02/23/2023 | General Collections | New Building | ||||||
| Dewey Decimal Classification | Tribhuvan University Central Library | Tribhuvan University Central Library | 02/23/2023 | 1 | N305.8/M196a | 157679 | 07/11/2024 | 02/23/2023 | General Collections | New Building | 06/27/2024 | ||||
| Dewey Decimal Classification | Tribhuvan University Central Library | Tribhuvan University Central Library | 05/09/2024 | N305.8/M196a | IS13636 | 05/09/2024 | 05/09/2024 | ISBN |
